Principles & Practice of Insurance (Record no. 226346)

MARC details
000 -LEADER
fixed length control field 00449nam a2200181Ia 4500
008 - FIXED-LENGTH DATA ELEMENTS--GENERAL INFORMATION
fixed length control field 240823s9999||||xx |||||||||||||| ||und||
020 ## - INTERNATIONAL STANDARD BOOK NUMBER
International Standard Book Number 978-93-81505-98-4
082 ## - DEWEY DECIMAL CLASSIFICATION NUMBER
-- 368 Q5
100 ## - MAIN ENTRY--PERSONAL NAME
Personal name Abdul Wahid Farooqi
245 #0 - TITLE STATEMENT
Title Principles & Practice of Insurance
250 ## - EDITION STATEMENT
Edition statement 1st
260 ## - PUBLICATION, DISTRIBUTION, ETC. (IMPRINT)
Date of publication, distribution, etc 2015
Name of publisher, distributor, etc Wisdom publica
500 ## - GENERAL NOTE
General note YES
650 ## - SUBJECT ADDED ENTRY--TOPICAL TERM
Topical term or geographic name as entry element Insurance
942 ## - ADDED ENTRY ELEMENTS (KOHA)
Item type Books
Holdings
Withdrawn status Lost status Damaged status Permanent location Current location Shelving location Date acquired Source of acquisition Full call number Barcode Date last seen Koha item type
      CENTRAL LIBRARY, NOORUL ISLAM CENTRE FOR HIGHER EDUCATION CENTRAL LIBRARY, NOORUL ISLAM CENTRE FOR HIGHER EDUCATION   02/07/2017 Tamil Nadu Book House 368 Q5 74972 08/23/2024 Books
Visitors:
Copyright © 2024 Central Library NICHE.  All rights reserved.